00389nam a2200121Ia 4500008004100000041000800041082000800049100008000057245006700137260004900204300000800253440000600261221007s9999 xx 000 0 und d aeng bPRI aPriyanka Varma - 2k151180; Prof.Manasi Javadekar - Guide & Tata Motors Ltd. aRole Identification And Job Analysisi Of Tata Motors Employees c2015bSavitribai Phule Pune UniversityaPune a44p v1